| 000 | 00523nam a2200181Ia 4500 | ||
|---|---|---|---|
| 008 | 240830s2000 xx 000 0 und d | ||
| 041 | _aeng | ||
| 082 | _a615.537/CCR | ||
| 100 | _aCCRA&S | ||
| 245 | _aDATABASE OF MEDICINAL PLANTS USED IN AYURVEDA VOL-4 | ||
| 250 | _a1 ST | ||
| 260 |
_aNEW DELHI _bCENTRAL COUNCIL FOR RESEARCH IN AYURVEDA & SIDDHA _c2000 |
||
| 300 | _a573p | ||
| 440 | _v4 | ||
| 650 | _aDRAVYAGUNA-VIGYAN | ||
| 906 | _aDATABASE OF MEDICINAL PLANTS USED IN AYURVEDA VOL-4 | ||
| 999 |
_c1199656 _d1199656 |
||